Листи до друга (1904-1931) (Запис № 580646)
[ простий вигляд ]
| 000 -Лідер | |
|---|---|
| fixed length control field | 02403 a2200265 4500 |
| 001 - Контрольний номер | |
| control field | 2162214035926770 |
| 003 - Ідентифікатор контрольного номера | |
| control field | UA-OsUOA |
| 005 - Дата та час останнього входження (трансакції) | |
| control field | 20260506105337.0 |
| 008 - Елементи даних фіксованої довжини – загальна інформація | |
| fixed length control field | 260506b un o|||| |||| 00| 0dukr d |
| 020 ## - Міжнародний стандартний книжковий номер (ISBN) | |
| Міжнародний стандартний книжковий номер (ISBN) (НП) | 9667087174 |
| 040 ## - Джерело каталогізації | |
| Агенція оригінальної каталогізації | UA-OsUOA |
| Мова каталогізації | ukr |
| Агенція, яка здійснювала перезапис | UA-OsUOA |
| Агенція, яка здійснювала модифікацію | UA-OsUOA |
| 041 ## - Код мови | |
| Код мови тексту/ звукової доріжки чи окремого заголовка (П) | ukr |
| -- | rus |
| 080 ## - Індекс Універсальної десяткової класифікації | |
| Індекс Універсальної десяткової класифікації (УДК) (НП) | 929:78.07(477) |
| 090 ## - Локальний шифр розміщення | |
| Класифікаційний індекс УДК | 929:78.07(477) |
| Авторський знак (НП) | К76 |
| 100 ## - Основне введення – ім’я особи | |
| Ім’я особи (НП) | Кошиць О. |
| 9 (RLIN) | 25179 |
| 245 ## - Відомості про назву | |
| Назва (НП) | Листи до друга (1904-1931) |
| Дані про відповідальність (НП) | упоряд., коментарі, вступ. стаття і покажчик імен Л. О. Пархоменко |
| 260 ## - Публікація, розповсюдження і т.п. (Вихідні дані) | |
| Місце публікації, розповсюдження і т.п. (П) | Київ |
| Ім’я/ наймення видавництва, розповсюджувача і т.п. (П) | Рада |
| Дата публікації, розповсюдження і т.п. (П) | 1998 |
| 300 ## - Фізичний опис | |
| Обсяг | 190 с. |
| 520 ## - Резюме і т.п. | |
| Резюме, реферат, анотація, тощо (НП) | Олександр Кошиць (1875-1931) - геніальний український диригент, композитор, видатний діяч національного мистецтва, культурного відродження ХХ ст. Виїхавши 1919 року з Республіканською хоровою капелою у концертне турне, здійснив місію посланця Української Народної Республіки до народів світу. Виступи Капели в країнах Європи й Америки мали тріумфальний успіх, легендарну славу. Концерти викликали захоплення мистецтвом України. Але назад, на Батьківщину, повернутися Кошиць не зміг. І це стало трагедією життя митця. Нестерпна ностальгія, внутрішній опір чужому для нього прагматичному світові спопелили його душу, вкоротили віку. Ці колізії хвилююче розкриваються в добірці листів до друга - В. Беневського, російського регента і педагога.<br/>Цікавим до проблем культури, історії, для музикантів, любителів мистецтва. |
| 650 ## - Додаткове предметне введення – тематичний термін | |
| Тематичний термін чи географічна назва, як елемент введення (НП) | 929 Біографічні дослідження |
| 9 (RLIN) | 1571 |
| 700 1# - Додаткове введення – ім'я особи | |
| Ім’я особи (НП) | Пархоменко Л. О. |
| 9 (RLIN) | 25185 |
| 942 ## - Додаткові елементи входу (Коха) | |
| Тип елемента Koha | Книги |
| Source of classification or shelving scheme | Universal Decimal Classification |
| 955 ## - Код типу видання за змістом | |
| Код типу видання за змістом (НП) | Науково-популярні видання |
| Стан вилучень | Стан втрат | Джерело класифікації або схеми стелажів | Стан уражень | Не для кредиту | Код колекції | Постійне місце розташування | Поточне розміщення | Дата придбання | Джерело придбання | Вартість, звичайна ціна покупки | Інвентарний номер | Усього замовленно | Повний номер виклику | Штрих-код | Дата останнього перегляду | Вартість, ціна заміни | Ціна ефективна від | Тип елемента Koha | Примітка, призначена для загального доступу |
|---|---|---|---|---|---|---|---|---|---|---|---|---|---|---|---|---|---|---|---|
| Universal Decimal Classification | Колекція Шевчука Валерія | АБ - Абонемент НБ | АБ - Абонемент НБ | 06/05/2026 | Акт №24/28.04.2026 | 25.00 | 169902 | 929:78.07(477) К76 | 169902 | 06/05/2026 | 25.00 | 06/05/2026 | Книги | З автографом упорядника |